000 00394nam a22001457a 4500
999 _c7700
_d7700
003 GBCCL
005 20241126110634.0
008 180911b ||||| |||| 00| 0 eng d
040 _cgbc
082 _aSOU TAN
_b2016
245 _aTangthu bu :
_bEvangelical Baptist Convention Church, Hiangtam lamka documentary
260 _c2016.
_aHiangtam lamka:
_bEBCC
300 _a201p. ;
942 _2ddc
_cARCH